المياه / (Record no. 32277)

MARC details
000 -LEADER
fixed length control field 00536nam a22001937a 4500
005 - DATE AND TIME OF LATEST TRANSACTION
control field 20251108165826.0
008 - FIXED-LENGTH DATA ELEMENTS--GENERAL INFORMATION
fixed length control field 250721s1988 xx 000 0 ara d
082 14 - DEWEY DECIMAL CLASSIFICATION NUMBER
Classification number ط/551.4/ميا
245 10 - TITLE STATEMENT
Title المياه /
250 ## - EDITION STATEMENT
Edition statement ط3
264 1# - PRODUCTION, PUBLICATION, DISTRIBUTION, MANUFACTURE, AND COPYRIGHT NOTICE
Place of production, publication, distribution, manufacture بيروت :
Name of producer, publisher, distributor, manufacturer دار المشرق،
Date of production, publication, distribution, manufacture, or copyright notice 1988.
300 ## - PHYSICAL DESCRIPTION
Extent 26ص : مص
490 0# - SERIES STATEMENT
Series statement مجموعة نبيل و زينة ؛ 19
650 17 - SUBJECT ADDED ENTRY--TOPICAL TERM
Topical term or geographic name as entry element المياه
650 17 - SUBJECT ADDED ENTRY--TOPICAL TERM
Topical term or geographic name as entry element البحار
653 ## - INDEX TERM--UNCONTROLLED
Uncontrolled term اطفال مرحله متوسطه (6-9 سنوات)
942 ## - ADDED ENTRY ELEMENTS (KOHA)
Source of classification or shelving scheme Dewey Decimal Classification
Koha item type Books
Holdings
حالة السحب حالة الفقدان مصدر التصنيف حالة التلف غير قابل للإعارة المكتبة الرئيسية المكتبة الحالية موقع الرف تاريخ التزويد الرقم المتسلسل Total Checkouts رقم الإستدعاء تاريخ آخر ظهور تاريخ الفاتورة نوع المادة (كوها) الباركود
    Dewey Decimal Classification     المكتبة المركزية المكتبة المركزية مقتنيات قسم التزويد 28/07/2025 1278267   ط/551.4/ميا 28/07/2025 28/07/2025 Books  
    Dewey Decimal Classification     مكتبة الأميرة ايمان العامة مكتبة الأميرة ايمان العامة الأطفال 17/05/2009 1278272   ط/551.4/ميا 28/07/2025 17/05/2009 Books PLD00092097
    Dewey Decimal Classification Unchecked   مكتبة الاميرة بديعة مكتبة الاميرة بديعة الأطفال 06/07/2004 1366   ط/551.4/ميا 28/07/2025 06/07/2004 Books  
    Dewey Decimal Classification     مكتبة الراية الهاشمية للأطفال مكتبة الراية الهاشمية للأطفال الأطفال 14/02/2015 1592673   ط/551.4/ميا 28/07/2025 14/02/2015 Books PLD00316523
    Dewey Decimal Classification     مكتبة النصر العامة مكتبة النصر العامة الأطفال 20/04/2015 [ 3381 ]   ط/551.4/ميا 28/07/2025 20/04/2015 Books PLD00385410
    Dewey Decimal Classification     مكتبة صويلح العامة مكتبة صويلح العامة الأطفال 17/05/2009 1278273   ط/551.4/ميا 28/07/2025 17/05/2009 Books PLD00092096
    Dewey Decimal Classification     مكتبة ومركز فرح مكتبة ومركز فرح الأطفال 17/05/2009 1278268   ط/551.4/ميا 28/07/2025 17/05/2009 Books PLD00091757
Implemented & Customized by: BBB with SCIT (Smart Chains for Information Technology)

Powered by Koha